000 00496nam a22001457a 4500
082 _aMSEE-6 AYM
100 _aAymen Ayaz
245 _aCompressed Sensing: A promise for fast laminar imaging
260 _aIslamabad
_bNUST-H12
_c2017
300 _a47p.
_eCD Includes
856 _uhttp://10.250.8.41:8080/xmlui/handle/123456789/20463
942 _2ddc
_cTHE
999 _c332361
_d332361